| 000 | 02127nam a22002777a 4500 | ||
|---|---|---|---|
| 003 | DO-SdBJH | ||
| 005 | 20260331211919.0 | ||
| 008 | 260331b2025 |||||||| |||| 00| 0 spa d | ||
| 040 |
_aDO-SdBJH _bspa _cDO-SdBJH |
||
| 041 | 0 | _aspa | |
| 090 |
_aCT E-GEO 0001 _bEGAEE 2025 |
||
| 100 | 1 |
_aBeato Hernández, Virgilio José _esustentante |
|
| 245 | 1 | 0 |
_aImpacto geopolítico del cambio climático en las metas de sostenibilidad ambiental de la estretegia nacional de desarrollo 2030 : _bperíodo 2018-2024 / _cVirgilio José Beato Hernández, Yeudy G. Maldonado Báez ; asesor metodológico Kelvin Leandro Encarnación González ; asesor de contenido Rocío Cristy Santana González. |
| 260 |
_aSanto Domingo, República Dominicana : _bUNADE, _c2025. |
||
| 300 | _axiv, 43, [33] páginas. | ||
| 502 | _aTesis y trabajos de grado (Especialidad en Geopolítica)--Universidad Nacional para la Defensa "General Juan Pablo Duarte y Díez", Escuela de Graduados de Altos Estudios Estratégicos, Santo Domingo, 2025. | ||
| 504 | _aIncluye referencias bibliográficas, apéndices y anexos. | ||
| 505 | _aMarco legal de la Estrategia Nacional de Desarrollo 2030 -- Principales efectos del cambio climático ocurridos en República Dominicana entre 2018-2024 y su relación con la sostenibilidad ambiental -- Factores geopolíticos que han influido en los resultados de las políticas ambientales implementadas para alcanzar las metas de la estrategia nacional de desarrollo 2030 en el período 2018-2024. | ||
| 650 | 7 |
_2lemb _aDesarrollo sostenible _vTesis y disertaciones _xPolítica pública _xMarco legal _y2018-2024 _zRepública Dominicana |
|
| 650 | 7 |
_2lemb _aCambio climático _vTesis y disertaciones _x Impacto ambiental _xSostenibilidad _y2018-2024 _zRepública Dominicana |
|
| 650 | 7 |
_2lemb _aGeopolítica _vTesis y disertaciones _xPolítica ambiental _xPlanificación estratégica _y2018-2024 _zRepública Dominicana |
|
| 700 | 1 |
_aMaldonado Báez, Yeudy G. _esustentante |
|
| 700 | 1 |
_aEncarnación González, Kelvin Leandro _easesor metodológico |
|
| 700 | 1 |
_aSantana González, Rocío Cristy _easesor de contenido |
|
| 942 |
_2CL _cT |
||
| 999 |
_c8629 _d8629 |
||